Good for consumers - good for business (Record no. 84719)

MARC details
000 -LEADER
fixed length control field 01052cad a22002535a 4500
001 - CONTROL NUMBER
control field L158873
008 - FIXED-LENGTH DATA ELEMENTS--GENERAL INFORMATION
fixed length control field 121219e2015 xxk 000 0 eng d
035 ## - SYSTEM CONTROL NUMBER
System control number (Sirsi) u158873
041 0# - LANGUAGE CODE
Language code of text/sound track or separate title eng
100 1# - MAIN ENTRY--PERSONAL NAME
Personal name Pilling, David
245 00 - TITLE STATEMENT
Title Good for consumers - good for business
Medium [electronic resource]
260 ## - PUBLICATION, DISTRIBUTION, ETC.
Date of publication, distribution, etc. 2015
490 ## - SERIES STATEMENT
Series statement RICS Property Journal
Volume/sequential designation September-October 2015, 40-41(2)
520 ## - SUMMARY, ETC.
Summary, etc. Discusses alternative dispute resolution for property and the changing landscape. Focuses on Ombudsman Services: Property (OS:P) an its role as a quick, simple and cost-effective solution for property complaints.
650 24 - SUBJECT ADDED ENTRY--TOPICAL TERM
Topical term or geographic name entry element ALTERNATIVE DISPUTE RESOLUTION
650 24 - SUBJECT ADDED ENTRY--TOPICAL TERM
Topical term or geographic name entry element CONFLICT RESOLUTION
650 24 - SUBJECT ADDED ENTRY--TOPICAL TERM
Topical term or geographic name entry element OMBUDSMAN SCHEME
650 24 - SUBJECT ADDED ENTRY--TOPICAL TERM
Topical term or geographic name entry element COMPLAINTS HANDLING PROCEDURES
651 #4 - SUBJECT ADDED ENTRY--GEOGRAPHIC NAME
Geographic name United Kingdom
Chronological subdivision
690 ## - LOCAL SUBJECT ADDED ENTRY--TOPICAL TERM (OCLC, RLIN)
Topical term or geographic name as entry element Dispute resolution
9 (RLIN) 6236
710 ## - ADDED ENTRY--CORPORATE NAME
Corporate name or jurisdiction name as entry element Royal Institution of Chartered Surveyors
9 (RLIN) 4900
856 40 - ELECTRONIC LOCATION AND ACCESS
Uniform Resource Identifier <a href="https://issuu.com/ricsmodus/docs/property_journal_september_october_">https://issuu.com/ricsmodus/docs/property_journal_september_october_</a>
Public note Available free online via Issuu
942 ## - ADDED ENTRY ELEMENTS (KOHA)
Suppress in OPAC 0
Source of classification or shelving scheme Dewey Decimal Classification
Holdings
Withdrawn status Lost status Source of classification or shelving scheme Damaged status Not for loan Home library Current library Shelving location Date acquired Total Checkouts Full call number Barcode Date last seen Copy number Price effective from Koha item type
    Dewey Decimal Classification     London London Journal article 27/08/2015   L158873 158873-1001 06/08/2019 1 06/08/2019 Journal article